00790nam a2200229 a 4500001001000000003000500010005001700015008004100032010001100073011001100084020001800095040000900113082002100122245013500143260006900278300001100347650003800358650004100396650003800437650005200475700003300527000115854CHAP20220329144551.0190716s2017 mx |r| ||||||spa d a112315 a113287 a9786078501342 cCHAP04a363.8560972bD5300aDiálogos temáticos sobre desarrollo rural sustentable y soberanía alimentaria /cpor Rocky Alvarado Hernández ...[et al.]. aMéxico, D. F. :bCamara de Diputados LXIII Legislatura,c2017. a203 p. aSoberanía alimentariazMéxico14aAlimentosxAbastecimientoxMéxico.14aDesarrollo sustentablexMéxico.14aSoberania alimentariaxProgramas de desarrollo.1 aAlvarado Hernández, Rocky.